Olympische Sommersportarten - Sudden Death - Statistiken

Allgemein
  • Dieses Quiz wurde 604 mal gespielt
    315 seit der letzten Aktualisierung
  • Das Durchschnittsergebnis liegt bei 15 aus 37
Answers on the Grid
Answers color-coded by a green-red scale on the quiz's grid according to % correct below.
Badminton
Baseball
Basketball
Bogen­schießen
Cricket
Flag Football
Fechten
Fußball
Gewichtheben
Golf
Handball
Hockey
Judo
Kanusport
Lacrosse
Leichtathletik
Moderner Fünfkampf
Radsport
Reitsport
Ringen
Rudern
7er-Rugby
Schießsport
Schwimmsport
Segeln
Skateboard
Sportklettern
Squash
Surfen
Taekwondo
Tennis
Tischtennis
Triathlon
Turnsport
Volleyball
Beachvolleyball
Karate
Jeu de Paume
Krocket
Pelota
Polo
Rackets
Breakdance
Tauziehen
Bowling
Billard
Jiu Jitsu
Boxen
Sumō
Darts
American Football
Beachsoccer
Wasserski
Rugby Union
 
Antwortstatistiken
Antwort % Korrekt
Fußball
61%
Tischtennis
58%
Volleyball
56%
Reitsport
55%
Tennis
55%
Basketball
54%
Leichtathletik
54%
Schwimmsport
54%
Fechten
53%
Rudern
52%
Radsport
50%
Ringen
50%
Beachvolleyball
49%
Bogen­schießen
48%
Kanusport
48%
Handball
47%
Turnsport
47%
Badminton
46%
Schießsport
46%
Gewichtheben
45%
Surfen
45%
Boxen
44%
Segeln
44%
Hockey
43%
Judo
42%
Triathlon
42%
Golf
41%
Moderner Fünfkampf
37%
Sportklettern
32%
Skateboard
29%
Taekwondo
21%
Baseball
19%
7er-Rugby
14%
Cricket
9%
Lacrosse
9%
Flag Football
6%
Squash
6%
Keine übereinstimmenden Quizze gefunden
Verteilung der Resultate
Anzahl Personen mit jedem Resultat
Perzentil nach korrekt beantworteten Fragen
Ihre Resultats-Entwicklung
Sie haben dieses Quiz seit der letzten Aktualisierung nicht gespielt